Ein Kriminologe, der keiner sein will: Gesprächmit Heinz Steinert
| Authors: | ; |
|---|---|
| Format: | Print Article |
| Language: | German |
| Published: |
2004
|
| In: |
Kriminologisches Journal
Year: 2004, Volume: 36, Issue: 1, Pages: 52-64 |
| Online Access: |
Volltext (kostenfrei) Volltext (kostenfrei) Volltext (kostenfrei) |
| Rights Information: | InC 1.0 |
| Check availability: | HBZ Gateway |
| Keywords: |
MARC
| LEADER | 00000caa a2200000 c 4500 | ||
|---|---|---|---|
| 001 | 1621506703 | ||
| 003 | DE-627 | ||
| 005 | 20260423145412.0 | ||
| 007 | tu | ||
| 008 | 071204s2004 xx ||||| 00| ||ger c | ||
| 035 | |a (DE-627)1621506703 | ||
| 035 | |a (DE-576)274869942 | ||
| 035 | |a (DE-599)BSZ274869942 | ||
| 040 | |a DE-627 |b ger |c DE-627 |e rda | ||
| 041 | |a ger | ||
| 084 | |a 2,1 |2 ssgn | ||
| 100 | 1 | |a Karstedt, Susanne |d 1949- |e InterviewerIn |0 (DE-588)130154865 |0 (DE-627)491901739 |0 (DE-576)298030888 |4 ivr | |
| 109 | |a Karstedt, Susanne 1949- |a Henke, Susanne Karstedt- 1949- |a Karstedt-Henke, Susanne 1949- |a Karstedt, S. 1949- | ||
| 245 | 1 | 4 | |a Ein Kriminologe, der keiner sein will |b Gesprächmit Heinz Steinert |
| 264 | 1 | |c 2004 | |
| 336 | |a Text |b txt |2 rdacontent | ||
| 337 | |a ohne Hilfsmittel zu benutzen |b n |2 rdamedia | ||
| 338 | |a Band |b nc |2 rdacarrier | ||
| 540 | |q DE-2619 |a Urheberrechtsschutz 1.0 |2 rs |u http://rightsstatements.org/vocab/InC/1.0/ | ||
| 655 | 7 | |a Interview |0 (DE-588)4027503-6 |0 (DE-627)104767812 |0 (DE-576)208971211 |2 gnd-content | |
| 700 | 1 | |a Steinert, Heinz |d 1942-2011 |e InterviewteR |0 (DE-588)120284308 |0 (DE-627)080577210 |0 (DE-576)163181551 |4 ive | |
| 773 | 0 | 8 | |i Enthalten in |t Kriminologisches Journal |d Weinheim : Beltz Juventa, 1969 |g 36(2004), 1, Seite 52-64 |w (DE-627)130092207 |w (DE-600)500591-7 |w (DE-576)018208223 |x 0341-1966 |7 nnas |
| 773 | 1 | 8 | |g volume:36 |g year:2004 |g number:1 |g pages:52-64 |
| 776 | 1 | |o 10.15496/publikation-119844 | |
| 856 | 4 | 1 | |u http://hdl.handle.net/10900/178520 |x Resolving-System |z kostenfrei |3 Volltext |7 0 |
| 856 | 4 | 1 | |u http://nbn-resolving.org/urn:nbn:de:bsz:21-dspace-1785205 |x Resolving-System |z kostenfrei |3 Volltext |7 0 |
| 856 | 4 | 1 | |u https://doi.org/10.15496/publikation-119844 |x Resolving-System |z kostenfrei |3 Volltext |7 0 |
| 951 | |a AR | ||
| ELC | |b 1 | ||
| OAS | |a 1 | ||
| ORI | |a WA-MARC-krimdok_oa001.raw | ||
